Road vehicle performance: methods of measurement and calculation

Đã lưu trong:
Chi tiết về thư mục
Tác giả chính: Lucas, George Gordon (Tác giả)
Định dạng: Sách
Ngôn ngữ:Tiếng Anh
Được phát hành: Nueva York Gordon and Breach Science 1986
Loạt:Transportation studies, 7
Những chủ đề:
Các nhãn: Thêm thẻ
Không có thẻ, Là người đầu tiên thẻ bản ghi này!

MARC

LEADER 00000nam a2200000 a 4500
001 UCV4633
003 CL-VaPUC
008 900907e19860000US |||||||||||||||||eng|d
082 0 4 |a 629.28  |b LUC  |2 21 
100 0 |a Lucas, George Gordon  |e author  |9 298817 
245 1 0 |a Road vehicle performance: methods of measurement and calculation 
300 |a 201 p 
942 |c BK 
945 |d 19900907 00:00:00 
260 |a Nueva York  |b Gordon and Breach Science  |c 1986 
650 0 |a Automóviles  |9 260871 
650 7 |a RENDIMIENTO  |2 CL-VaPUC  |9 260872 
650 0 |a Automóviles  |9 260871 
650 0 |a Diseño y construcción  |9 260862 
583 |a last modification  |c 19900907 00:00:00  |k Rodrigo Vera 
490 0 |a Transportation studies, 7 
999 |c 211357  |d 211355 
952 |0 0  |1 0  |4 0  |6 629_280000000000000_LUC_1986  |7 0  |8 A  |9 190461  |a BIBING  |b BIBING  |d 2019-11-14  |i 2582422  |o 629.28 LUC 1986  |p 2582422  |r 2025-01-20  |w 2019-11-14  |y BK  |k TRA